Statystyki dla Skoczkowie, którzy brali udział w konkursach drużynowych na MŚ w XXI w

Kliknij tutaj aby rozwiązać quiz!

Ogólne statystyki

  • Ten quiz został rozwiązany 44 razy
  • Średni wynik to 119 z 265

Statystyki odpowiedzi

ReprezentacjaLataZawodnik% Poprawnych
2001-2011Adam Małysz
100%
2013, 2017-2023Dawid Kubacki
100%
Polska2005-2023Kamil Stoch
100%
2007, 2011-2023Piotr Żyła
100%
2023Aleksander Zniszczoł
97%
2015Klemens Murańka
93%
2013, 2017Maciej Kot
93%
2015-2023Stefan Kraft
90%
2017, 2023Andreas Wellinger
87%
2009, 2011, 2019Stefan Hula
87%
2021Andrzej Stękała
83%
2021Cene Prevc
83%
2021Domen Prevc
83%
2015, 2019, 2023Junshiro Kobayashi
83%
2019-2023Karl Geiger
83%
2011-2021Peter Prevc
83%
2017-2023Ryoyu Kobayashi
83%
2003-2007, 2011-2023Simon Ammann
83%
2019, 2023Halvor Egner Granerud
80%
2009Łukasz Rutkowski
80%
Niemcy2015-2023Markus Eisenbichler
80%
2005Mateusz Rutkowski
80%
2001-2017Noriaki Kasai
80%
2001, 2003, 2007Robert Mateja
80%
2001-2005, 2009, 2013-2017Janne Ahonen
77%
2015Jan Ziobro
77%
2005-2013Thomas Morgenstern
77%
2007-2015Anders Bardal
73%
2023Constantin Schmid
73%
2005-2019Daiki Ito
73%
Szwajcaria2013-2017, 2021, 2023Gregor Deschwanden
73%
2007-2017Gregor Schlierenzauer
73%
2001-2011Martin Schmitt
73%
2011-2015, 2021Severin Freund
73%
2019, 2023Timi Zajc
73%
2001Wojciech Skupień
73%
2003, 2007, 2011Andreas Kofler
70%
2017-2023Anze Lanisek
70%
2005Chengbo Li
70%
2021Dominik Peter
70%
Norwegia2017-2023Johann Andre Forfang
70%
2015-2019, 2023Michael Haybock
70%
2003, 2005Primoz Peterka
70%
2019, 2021Robert Johansson
70%
2003, 2009-2013Robert Kranjec
70%
Chiny2005Yang Li
70%
2017-2023Antti Aalto
67%
2001-2005, 2011Bjorn Einar Romoren
67%
2005-2019Dimitriy Vassiliev
67%
2001-2017Jakub Janda
67%
2005Jussi Hautamaki
67%
2021Keiichi Sato
67%
Słowenia2023Lovro Kos
67%
2003-2011Matti Hautamaki
67%
2001-2005, 2009, 2011Michael Uhrmann
67%
2013-2019Richard Freitag
67%
2007-2019Roman Koudelka
67%
2003Tomisław Tajner
67%
2001, 2005-2009, 2013Wolfgang Loitzl
67%
2019, 2021Yukiya Sato
67%
2017, 2021Daniel Andre Tande
63%
2011-2015Davide Bresadola
63%
2021, 2023Jan Horl
63%
2003-2007, 2011-2015Jan Matura
63%
2003Kazuyoshi Funaki
63%
2017, 2019Kevin Bickner
63%
2009, 2011Martin Koch
63%
2005, 2009-2015Michael Neumayer
63%
2021Pius Paschke
63%
2001, 2005, 2007Roar Ljokelsoy
63%
2021, 2023Danil Vassilyev
60%
2009Emmanuel Chedal
60%
Rosja2017-2021Evgeniy Klimov
60%
2015Federico Cecon
60%
2007, 2009Harri Olli
60%
2005-2011, 2015, 2017Jernej Damjan
60%
2013, 2017Manuel Fettner
60%
2003Roberto Cecon
60%
2001, 2003Sven Hannawald
60%
2007-2013Tom Hilde
60%
2001-2007, 2011Andreas Kuttel
57%
2013Andreas Wank
57%
2003, 2005Andreas Widholzl
57%
Korea Płd.2005, 2015Hueng-chul Choi
57%
2009Johan Remen Evensen
57%
2013-2019, 2023Killian Peier
57%
2001Masahiko Harada
57%
2001, 2005Risto Jussilainen
57%
2005, 2015Seou Choi
57%
2007, 2009Stephan Hocke
57%
2017, 2019Stephan Leyhe
57%
2005-2009Takanobu Okabe
57%
2015, 2017Anders Fannemel
53%
2007-2015Anders Jacobsen
53%
2001Andreas Goldberger
53%
2007Antonin Hajek
53%
2021, 2023Daniel Andrei Cacina
53%
2003, 2005Georg Spath
53%
2013-2017Jurij Tepes
53%
2021, 2023Marius Lindvik
53%
Japonia2021, 2023Naoki Nakamura
53%
2001-2013Radik Zhaparov
53%
2013, 2019-2023Sabirzhan Muminov
53%
2005, 2009-2015Sebastian Colloredo
53%
2003, 2005Sigurd Pettersen
53%
2001Stefan Horngacher
53%
2011-2017Taku Takeuchi
53%
2011, 2013Anssi Koivuranta
50%
2019, 2021Daniel Huber
50%
Austria2023Daniel Tschofenig
50%
2005-2021Denis Kornilov
50%
2003Florian Liegl
50%
2001-2005Marcin Bachleda
50%
2021, 2023Niko Kytosaho
50%
2015Rune Velta
50%
2001, 2003Tommy Ingebrigtsen
50%
2009, 2013-2017Ville Larinto
50%
2009-2013Andrea Morassi
47%
2013, 2017, 2019Andreas Stjernen
47%
USA2021, 2023Decker Dean
47%
2003, 2005Lars Bystol
47%
2001-2005Martin Hollwarth
47%
2023Remo Imhof
47%
2007, 2009Shohei Tochimoto
47%
2001Alexander Herr
43%
2011Diego Dellasega
43%
Finlandia2019-2023Eetu Nousiainen
43%
2001, 2003Hideharu Miyahira
43%
2001Jakub Hlava
43%
2003, 2005Jan Mazoch
43%
2003, 2005, 2009, 2013, 2015Lukas Hlava
43%
2003, 2007Peter Zonta
43%
2019, 2021Philipp Aschenwald
43%
2023Ren Nikaido
43%
2009, 2013Roberto Dellasega
43%
2003, 2005Rok Benković
43%
2003Tami Kiuru
43%
2021Vitaliy Kalinichenko
43%
2019, 2023Ziga Jelar
43%
2003, 2007Arttu Lappi
40%
2019, 2021Cestmir Kozisek
40%
2001Damjan Fras
40%
2009David Lazzaroni
40%
2021, 2023Erik Belshaw
40%
2013Jaka Hvala
40%
2005-2011, 2017Nikolay Karpenko
40%
2009, 2011Pavel Karelin
40%
2019Roman Sergeevich Trofimov
40%
2019-2023Sergey Tkachenko
40%
2003, 2005Akira Higashi
37%
Rumunia2021, 2023Andrei Feldorean
37%
2005, 2007Dimitriy Ipatov
37%
2021Filip Sakala
37%
2001Jani Soininen
37%
2001Jaroslav Sakala
37%
2023Kristoffer Eriksen Sundal
37%
2005, 2007Michael Mollinger
37%
2011Olli Muotka
37%
2001, 2003Sylvain Freiholz
37%
2017-2023Casey Larson
33%
2005, 2015Chil-ku Kang
33%
2011Fumihisa Yumoto
33%
2001Henning Stensrud
33%
2005, 2015Hyun-ki Kim
33%
2007-2013Ilya Rosliakov
33%
2015-2019Jarkko Maatta
33%
2013, 2015Lauri Asikainen
33%
2015Manuel Poppinger
33%
2001Michal Dolezal
33%
2021, 2023Mihnea Alexandru Spulber
33%
2007Primoz Pikl
33%
2013Reruhi Shimizu
33%
2001Ville Kantee
33%
Francja2009Vincent Descombes Sevoie
33%
2019Andreas Alamommo
30%
2017-2021Andreas Schuler
30%
2019-2023Andrew Urlaub
30%
2011Borek Sedlak
30%
2001Igor Medved
30%
2005Jure Bogataj
30%
2001Kazuya Yoshioka
30%
2013Konstantin Sokolenko
30%
2019Luca Egloff
30%
2001-2005Marco Steinauer
30%
2021Mikhail Nazarov
30%
2009, 2011Mitja Meznar
30%
2007Oleksandr Shumbarets
30%
2011Pascal Egloff
30%
2019Patrick Gasienica
30%
2009Robert Hrgota
30%
2007Rok Urbanc
30%
Kanada2007Stefan Read
30%
2017, 2019Tomas Vancura
30%
Czechy2017-2021Viktor Polasek
30%
2003Vitaliy Shumbarets
30%
2021Vojtech Stursa
30%
2003, 2007Volodymyr Boschuk
30%
Ukraina2021Yevhen Marusiak
30%
2005Alessio Bolognani
27%
2015Ilmir Hazetdinov
27%
2005Maksim Anisimov
27%
2011, 2013Marco Grigoli
27%
2017Michael Glasder
27%
2015Nejc Dezman
27%
2009Ondrej Vaculik
27%
2001Primoz Urh-Zupan
27%
Kazachstan2023Svyatoslav Nazarenko
27%
2023Vilho Palosaari
27%
2005Zhandong Tian
27%
2009-2013, 2017Alexey Korolev
23%
2021Arttu Pohjola
23%
2021Ilya Mankov
23%
2005-2009Ivan Karaulov
23%
2007Jorg Ritzerfeld
23%
2001Jure Radelj
23%
2009Kalle Keituri
23%
2015Mikhail Maksimochkin
23%
2021, 2023Nicolae Sorin Mitrofan
23%
2019Nikita Devyatkin
23%
2021Nurshat Tursunzhanov
23%
2003, 2007Oleksandr Lazarovich
23%
2005Petr Chaadayev
23%
2013Sami Heiskanen
23%
2007Tobias Bogner
23%
2017William Rhoads
23%
2009Alexandre Mabboux
20%
2013, 2017Alexey Romashov
20%
2021Anton Korchuk
20%
2015Carl Nordin
20%
2015Gabriel Karlen
20%
2007Guido Landert
20%
2005Ildar Fatchullin
20%
2009Alessio De Crignis
17%
2021Andrii Vaskul
17%
2005, 2007Asan Tachtachunov
17%
2015Christian Inngjerdingen
17%
Włochy2015Daniele Varesco
17%
2003Giancarlo Adami
17%
2019Gleb Safonov
17%
2007Gregory Baxter
17%
2017Ilya Kratov
17%
2003, 2005Stefano Chiapolino
17%
2011Yevgeniy Levkin
17%
2003Alaksandr Dziadziula
13%
2001, 2003Stanislav Filimonov
13%
2007Trevor Morrice
13%
2005Jianxun Wang
10%
2001Johan Munters
10%
2001Kristoffer Jaffs
10%
2001, 2003Pavel Gaiduk
10%
2017Roman Nogin
10%
2003Aleksandr Svetlov
7%
2003Igor Bojchuk
7%
2001Marc Vogel
7%
2001Yuriy Rulev
7%
Białoruś2003, 2005Ivan Sobolev
3%
2001Jens Brannlund
3%
2015Jonas Sandell
3%
2003, 2005Marco Beltrame
3%
2003Maxim Polunin
3%
2001Rickard Froier
3%
Szwecja2015Simon Eklund
3%
2007Volodymyr Trachuk
3%
2003, 2005Dzmitriy Afaniasenka
0%
2007Graeme Gorham
0%

Rozkład punktacji

Percentyl według liczby udzielonych odpowiedzi

Procent ludzi z każdym wynikiem

Twoja historia wyników

Nie rozwiązałeś tego quizu